Halley's Bible handbook : (Record no. 4505)
[ view plain ]
| 000 -LEADER | |
|---|---|
| fixed length control field | 00773cam a2200253I 4500 |
| 001 - CONTROL NUMBER | |
| control field | 3563924 |
| 003 - CONTROL NUMBER IDENTIFIER | |
| control field | OCoLC |
| 005 - DATE AND TIME OF LATEST TRANSACTION | |
| control field | 20181206170334.0 |
| 008 - FIXED-LENGTH DATA ELEMENTS--GENERAL INFORMATION | |
| fixed length control field | 780117s1962 miua bf 000 0 eng d |
| 035 ## - SYSTEM CONTROL NUMBER | |
| System control number | (OCoLC)3563924 |
| 040 ## - CATALOGING SOURCE | |
| Original cataloging agency | EXB |
| Transcribing agency | EXB |
| Modifying agency | OCL |
| -- | OCLCG |
| 082 ## - DEWEY DECIMAL CLASSIFICATION NUMBER | |
| Classification number | REF 220 |
| Item number | H187H |
| 090 ## - LOCALLY ASSIGNED LC-TYPE CALL NUMBER (OCLC); LOCAL CALL NUMBER (RLIN) | |
| Classification number (OCLC) (R) ; Classification number, CALL (RLIN) (NR) | BS417 |
| Local cutter number (OCLC) ; Book number/undivided call number, CALL (RLIN) | .B48 1962 |
| 092 ## - LOCALLY ASSIGNED DEWEY CALL NUMBER (OCLC) | |
| Classification number | 220.2 |
| Item number | H187h |
| 100 1# - MAIN ENTRY--PERSONAL NAME | |
| Personal name | Halley, Henry Hampton, |
| Dates associated with a name | 1874-1965. |
| 245 10 - TITLE STATEMENT | |
| Title | Halley's Bible handbook : |
| Remainder of title | an abbreviated Bible commentary / |
| Statement of responsibility, etc. | by Henry H. Halley. |
| 250 ## - EDITION STATEMENT | |
| Edition statement | 23rd ed. |
| 260 ## - PUBLICATION, DISTRIBUTION, ETC. | |
| Place of publication, distribution, etc. | Grand Rapids, Mich. : |
| Name of publisher, distributor, etc. | Zondervan Pub House, |
| Date of publication, distribution, etc. | 1962. |
| 300 ## - PHYSICAL DESCRIPTION | |
| Extent | 968 p. |
| Other physical details | illus. |
| Dimensions | 17 cm. |
| 504 ## - BIBLIOGRAPHY, ETC. NOTE | |
| Bibliography, etc. note | Bibliography. |
| 630 00 - SUBJECT ADDED ENTRY--UNIFORM TITLE | |
| Uniform title | Bible |
| Form subdivision | Handbooks, manuals, etc. |
| 650 #0 - SUBJECT ADDED ENTRY--TOPICAL TERM | |
| Topical term or geographic name entry element | Church history |
| Form subdivision | Outlines, syllabi, etc. |
| 942 ## - ADDED ENTRY ELEMENTS (KOHA) | |
| Source of classification or shelving scheme | Dewey Decimal Classification |
| Koha item type | Reference |
| Withdrawn status | Lost status | Source of classification or shelving scheme | Damaged status | Not for loan | Collection code | Home library | Current library | Shelving location | Date acquired | Cost, normal purchase price | Total Checkouts | Full call number | Barcode | Date last seen | Price effective from | Koha item type |
|---|---|---|---|---|---|---|---|---|---|---|---|---|---|---|---|---|
| Dewey Decimal Classification | Not For Loan | Reference | Harvest Mission College | Harvest Mission College | Reference | 06.12.2018 | 860.00 | REF 220 H187H | 005022 | 06.12.2018 | 06.12.2018 | Reference |
